Wszystkie piosenki - Kinny Zimmer - Statystyki

Ogólne statystyki
  • Ten quiz został rozwiązany 661 razy
  • Średni wynik to 14 z 22
Statystyki odpowiedzi
Hint Odpowiedź % Poprawnych
Rozmazana Kreska
96%
Rozmazana Kreska
96%
SBM Starter Jazda
82%
Jazda
82%
Zegarek ze Szwajcarii
79%
200 osób w kawalerce
77%
Dziecko
74%
Jezioro
73%
FURIA47
70%
Single Jadę nocą na Mazurach
70%
Jestem Kwiatkiem
70%
Ostre koło
66%
Bierny420
62%
Jadę nocą na Mazurach 2
62%
Benz-Dealer
61%
WCHJ
60%
LETNISKO Lato cały rok
58%
Letnisko Main Theme
52%
POWIEMY CI TO W TWARZ
38%
LAXJFK
36%
Feat BONFIRE
28%
ZEMSTA DZIKUSA
23%
Nie znaleziono quizów pasujących do podanych kryteriów
Rozkład punktacji
Procent ludzi z każdym wynikiem
Percentyl według liczby udzielonych odpowiedzi
Twoja historia wyników
Nie rozwiązałeś tego quizu